| 000 | 00338nam a2200145Ia 4500 | ||
|---|---|---|---|
| 008 | 230312s9999||||xx |||||||||||||| ||und|| | ||
| 020 | _a0-470-16320-9 | ||
| 082 |
_a629.135 _bMOI-M |
||
| 100 | _aMoir;Lan | ||
| 245 | 0 | _aMilitary avionics systems | |
| 260 |
_aUK _c2006 |
||
| 300 | _a519 | ||
| 650 |
_aEngineering _vAvionics |
||
| 942 | _cBK | ||
| 999 |
_c12622 _d12622 |
||